| 000 | 02196nam0a2200433 4500 | ||
|---|---|---|---|
| 001 | RU\NLR\bibl\1765416 | ||
| 005 | 20250616125434.0 | ||
| 010 |
_a978-5-902524-80-9 _9100 |
||
| 021 |
_aRU _b2011-26864 _91908 |
||
| 035 | _a(nilc)RSL-KNO-004929685 | ||
| 035 | _a(NLR Aleph) 001756215 | ||
| 090 |
_a1549846 _c1549846 |
||
| 100 | _a20110418d2009 |||y0rusy50 ca | ||
| 101 | 0 | _arus | |
| 102 | _aRU | ||
| 105 | _ay ||||||||| | ||
| 200 | 1 |
_aПовседневная жизнь населения Северного Кавказа в годы Гражданской войны 1917-1920 гг. _e(по материалам региональной периодики) : монография _fМ. А. Поливина, А. А. Семенов _gФедеральное агентство по образованию, Гос. образовательное учреждение высш. проф. образования Славянский-на-Кубани гос. пед. ин-т |
|
| 210 |
_aСлавянск-на-Кубани _cИЦ СГПИ _d2009 |
||
| 215 |
_a140 с. _d21 |
||
| 320 | _aБиблиогр. в подстроч. примеч. | ||
| 606 | 1 |
_aГражданская война и военная интервенция в России _yКавказ Северный _z1918 - 1920 _92381738 _3RU\NLR\auth\661420988 |
|
| 606 | 1 |
_aБыт и нравы _xИстория _yКавказ Северный _92088823 _3RU\NLR\auth\661568071 |
|
| 610 | 0 | _aповседневная жизнь | |
| 686 |
_aТ3(2)712.9-759Северный Кавказ,014.1 _2rubbk |
||
| 686 |
_aЧ612.1,8(2)134,0 _2rubbk |
||
| 686 |
_aЦ35(2)712:(2Р37)я172 _2rubbk |
||
| 686 | _aТ3(2)712.9-9(2Р37) | ||
| 686 | _aТ3(2Р37)71-75 | ||
| 686 | _aЦ35(2)712(2Р37) | ||
| 700 | 1 |
_aПоливина _bМ. А. _gМарина Анатольевна _4070 |
|
| 701 | 1 |
_4070 _7ca _8rus _aСеменов _bА. А. _cд-р ист. наук _gАлександр Альбертович _99492 _3RU\NLR\AUTH\7726453 |
|
| 801 | 0 |
_aRU _bRuMoRKP _c20110418 _grcr |
|
| 801 | 1 |
_aRU _bРГБ _c20110418 |
|
| 801 | 2 |
_aRU _bNLR _c20110503 _grcr |
|
| 830 | _aпо кн | ||
| 942 | _cBOOK | ||
| 980 | _aNB | ||